Вертикальная геохимическая зональность состава подземных вод Верхнечонского месторождения; Проблемы геологии и освоения недр

Détails bibliographiques
Parent link:Проблемы геологии и освоения недр.— 2007.— С. 144-146
Auteur principal: Казаева А. В.
Autres auteurs: Букаты М. Б. (научный руководитель)
Langue:russe
Publié: 2007
Sujets:
Format: Chapitre de livre
KOHA link:https://koha.lib.tpu.ru/cgi-bin/koha/opac-detail.pl?biblionumber=179747

MARC

LEADER 00000naa2a2200000 4500
001 179747
005 20231031170538.0
035 |a (RuTPU)RU\TPU\book\194848 
090 |a 179747 
100 |a 20100427d2007 k y0rusy50 ca 
101 0 |a rus 
102 |a RU 
200 1 |a Вертикальная геохимическая зональность состава подземных вод Верхнечонского месторождения  |f А. В. Казаева  |g науч. рук. М. Б. Букаты 
320 |a Библиогр.: 4 назв. 
463 0 |0 (RuTPU)RU\TPU\book\140171  |y 5-89503-079-3  |t Проблемы геологии и освоения недр  |o [сборник]  |o труды XI международного симпозиума имени академика М. А. Усова студентов и молодых учёных, посвященного 80-летию академика, Президента международного горного конгресса, Лауреата государственной премии СССР М. И. Щадову  |f Томский политехнический университет (ТПУ), Институт геологии и нефтегазового дела  |v С. 144-146  |d 2007  |p 764 с. 
610 1 |a подземные воды 
610 1 |a зональность 
610 1 |a гидрогеохимия 
610 1 |a Верхнечонское месторождение 
610 1 |a нефть 
610 1 |a добыча 
610 1 |a труды учёных ТПУ 
700 1 |a Казаева  |b А. В. 
702 1 |a Букаты  |b М. Б.  |4 727 
801 1 |a RU  |b 63413507  |c 20100427 
942 |c BK